| 000 | 00569cam a22002291 4500 | ||
|---|---|---|---|
| 001 | sa 66007951 | ||
| 003 | DLC | ||
| 005 | 20260227112309.0 | ||
| 008 | 890425m19659999ii 000 0 beno | ||
| 010 | _asa 66007951 | ||
| 035 | _a(OCoLC)19601593 | ||
| 040 |
_aDLC _cWaU _dDLC |
||
| 042 | _apremarc | ||
| 043 | _aa-ii--- | ||
| 050 | 0 | 0 |
_aPK1701 _b.R6 |
| 100 | 1 |
_aRoy, Kalidas, _d1889-1975. |
|
| 245 | 1 | 0 | _aBaṅga-sāhitya-paricaẏa. |
| 260 | _c[1965- | ||
| 300 |
_av. _c23 cm. |
||
| 500 | _aIn Bengali. | ||
| 650 | 0 |
_aBengali literature _xHistory and criticism. |
|
| 999 |
_c71526 _d71526 |
||